000
00281nam a2200097Ia 4500
001
1300255
005
20260420095900.0
008
260420s9999 xx 000 0 und d
245
0
_a
PEYGAMBER ÖYKÜLERİ - HZ. EYÜP
_c
BELKIS İBRAHİM HAKKIOĞLU
260
_b
TİMAŞ ÇOCUK YAYINLARI
999
_c
1300255
_d
1300255